World Geography Z - Statistics

General Stats
  • This quiz has been taken 56 times
  • The average score is 11 of 18
Answer Stats
Questions Answer % Correct
6) Largest city in Switzerland Zurich
100%
3) Capital of Croatia Zagreb
96%
1) Lusaka, Livingstone, Victoria Falls Zambia
96%
2) Above countries neighbor, its capital is Harare Zimbabwe
96%
4) Tanzanian island known for its beaches andcultural history Zanzibar
91%
18) 4th largest river in Africa Zambezi
78%
9) Danish island on which Copenhagen sits Zealand
78%
17) These striped equines are found mainly in the savanna of southeastern Africa zebras
78%
15) Westernmost, least populated region of southernNetherlands on the Belgian border Zeeland
78%
16) First name of 12th president Taylor in 1849 Zachary
74%
13) Medieval capital of the Aragon region of northern Spain Zaragoza
69%
7) This Swiss ski town with no cars is the closestto the iconic Matterhorn Zermatt
41%
10) Large city in east central China, capital of the Henan province Zhengzhou
41%
8) Greek resort island in the Ionian sea knownfor its picturesque beaches Zakynthos
39%
14) Mountainous mining state in central Mexico Zacatecas
19%
11) Major Nigerian city in the Kaduna state Zaria
17%
12) Historic suburb of Guadalajara in Jalisco, Mexico Zapopan
11%
5) South-central Ukrainian city on the banks ofthe Dnieper river Zaporizhzhia
11%
No matching quizzes found
Score Distribution
Percent of People with Each Score
Percentile by Number Answered
Your Score History
You have not taken this quiz